Úttörőparlament Szegeden

Elmentve itt :
Bibliográfiai részletek
Dokumentumtípus: Cikk
Megjelent: 1972-10-26
Sorozat:Délmagyarország 62 No. 253
Kulcsszavak:úttörőmozgalom
Online Access:http://dmarchiv.bibl.u-szeged.hu/113698
LEADER 00401nab a2200145 i 4500
001 delm113698
005 20190319103457.0
008 190319s1972 hu o 0|| hun d
040 |a SZTE Délmagyarország Archívum  |b hun 
041 |a hun 
245 0 0 |a Úttörőparlament Szegeden  |h [elektronikus dokumentum] 
260 |c 1972-10-26 
300 |a 5 
490 0 |a Délmagyarország  |v 62 No. 253 
695 |a úttörőmozgalom